[Event "2. Solinger Karnevalsopen"]
[Site "Solingen"]
[Date "2011.03.06"]
[Round "5.22"]
[White "Mager, Denis"]
[Black "Runte, Dirk"]
[Result "1-0"]
[WhiteElo "1732"]
[BlackElo "1582"]
[PlyCount "71"]
[EventDate "2011.??.??"]

1. d4 Nf6 2. c4 e5 3. dxe5 Ng4 4. Nf3 Bc5 5. e3 Nc6 6. Nc3 Ngxe5 7. Ne4 Bb4+ 8.
Bd2 Nxf3+ 9. Qxf3 d5 10. cxd5 Bxd2+ 11. Nxd2 Nb4 12. Qe4+ Qe7 13. Qxe7+ Kxe7
14. Rc1 Nxd5 15. e4 Nb6 16. Rxc7+ Nd7 17. Bb5 Kd8 18. Rc3 a6 19. Ba4 b5 20. Bb3
f6 21. O-O Bb7 22. Rd3 Ke7 23. f3 Rhc8 24. Rd1 Nc5 25. Rd4 Nxb3 26. Nxb3 Rd8
27. Nc5 Rxd4 28. Rxd4 Bc6 29. Kf2 a5 30. Ke3 b4 31. Nb3 a4 32. Nc5 Ra5 33. Nd3
Rh5 34. Nxb4 Bd7 35. Nd5+ Ke6 36. Nf4+ 1-0

[Event "2. Solinger Karnevalsopen"]
[Site "Solingen"]
[Date "2011.03.06"]
[Round "5.23"]
[White "Vranidis, Athanassios"]
[Black "Winkler, Fabian"]
[Result "1/2-1/2"]
[WhiteElo "1748"]
[BlackElo "1989"]
[PlyCount "43"]
[EventDate "2011.??.??"]

1. d4 Nf6 2. Nf3 b6 3. c4 e6 4. g3 Bb7 5. Bg2 Be7 6. Nc3 O-O 7. O-O d5 8. cxd5
exd5 9. Bg5 Nbd7 10. Ne5 c5 11. e3 h6 12. Bxf6 Nxf6 13. Qa4 Qe8 14. Qxe8 Rfxe8
15. dxc5 bxc5 16. Rfd1 Red8 17. Nd3 Rab8 18. b3 d4 19. exd4 Bxg2 20. Kxg2 Rxd4
21. Ne5 Rxd1 22. Rxd1 1/2-1/2

[Event "2. Solinger Karnevalsopen"]
[Site "Solingen"]
[Date "2011.03.06"]
[Round "5.24"]
[White "Rohovoj, Dimitrij"]
[Black "Jaskolka, Klaus"]
[Result "1-0"]
[WhiteElo "2041"]
[BlackElo "1671"]
[PlyCount "55"]
[EventDate "2011.??.??"]

1. f4 d5 2. c4 e6 3. Nf3 Nf6 4. Nc3 b6 5. e3 Bb7 6. cxd5 Nxd5 7. Bb5+ c6 8. Be2
Be7 9. O-O O-O 10. Qe1 Nd7 11. g4 Nb4 12. Qg3 Nc5 13. d4 Nd7 14. a3 Nd5 15. Bd3
c5 16. Qh3 g6 17. Nxd5 Bxd5 18. e4 Bb7 19. f5 cxd4 20. b4 Bf6 21. g5 exf5 22.
gxf6 fxe4 23. Ng5 h5 24. Nxe4 Ne5 25. Qg3 Nxd3 26. Qg5 Qd7 27. Qh6 Qg4+ 28. Ng3
1-0

[Event "2. Solinger Karnevalsopen"]
[Site "Solingen"]
[Date "2011.03.06"]
[Round "5.25"]
[White "Fraenzel, Marius"]
[Black "Maczkowiak, Thomas"]
[Result "1/2-1/2"]
[WhiteElo "1644"]
[BlackElo "1932"]
[PlyCount "47"]
[EventDate "2011.??.??"]

1. e4 c6 2. d4 d5 3. exd5 cxd5 4. c4 Nf6 5. Nc3 e6 6. Nf3 Bb4 7. Qb3 Nc6 8. Be3
O-O 9. a3 Be7 10. cxd5 Nxd5 11. Nxd5 Qxd5 12. Bc4 Qa5+ 13. Bd2 Qd8 14. Qd3 Bf6
15. Bc3 Na5 16. Ba2 e5 17. Bb1 e4 18. Qc2 Bf5 19. O-O Bg6 20. Ne5 Bxe5 21. dxe5
Nc6 22. Qa4 Qc7 23. Bxe4 Nxe5 24. Bxe5 1/2-1/2

[Event "2. Solinger Karnevalsopen"]
[Site "Solingen"]
[Date "2011.03.06"]
[Round "5.26"]
[White "Duexmann, Marcel"]
[Black "Reinhardt, Klaus"]
[Result "1/2-1/2"]
[WhiteElo "1658"]
[BlackElo "1861"]
[PlyCount "67"]
[EventDate "2011.??.??"]

1. d4 d5 2. c4 e6 3. e3 Nf6 4. Nf3 c6 5. Bd3 Nbd7 6. O-O Bd6 7. Nc3 O-O 8. e4
dxe4 9. Nxe4 Nxe4 10. Bxe4 Nf6 11. Bd3 h6 12. Bd2 c5 13. Bc3 b6 14. dxc5 Bxc5
15. Qe2 Bb7 16. Rad1 Qe7 17. Ne5 Rad8 18. Bc2 Ba8 19. Ng4 Nxg4 20. Qxg4 Qg5 21.
Qxg5 hxg5 22. b4 Be7 23. a3 Bf6 24. Bxf6 gxf6 25. Rxd8 Rxd8 26. Rd1 Rxd1+ 27.
Bxd1 f5 28. f3 Kf8 29. Kf2 Ke7 30. Ke3 Kd6 31. g3 e5 32. f4 f6 33. Bc2 Ke6 34.
Bb3 1/2-1/2

[Event "2. Solinger Karnevalsopen"]
[Site "Solingen"]
[Date "2011.03.06"]
[Round "5.27"]
[White "Masalsky, Boris"]
[Black "Lasschuit, Rene"]
[Result "0-1"]
[WhiteElo "1424"]
[BlackElo "1858"]
[PlyCount "50"]
[EventDate "2011.??.??"]

1. e4 e6 2. d4 d5 3. Nc3 Nf6 4. exd5 exd5 5. Nf3 Bb4 6. Bd2 O-O 7. Be2 Re8 8.
O-O Bf5 9. a3 Bd6 10. Bg5 c6 11. Bd3 Bg4 12. Be2 Nbd7 13. Re1 Qc7 14. h3 Bh5
15. Nd2 Bg6 16. Nf3 Ne4 17. Bd3 Nxg5 18. Nxg5 Rxe1+ 19. Qxe1 Bxd3 20. cxd3 Qb6
21. Qe2 Nf6 22. Re1 Re8 23. Qd2 Rxe1+ 24. Qxe1 Qxb2 25. Ne6 Qxa3 0-1

[Event "2. Solinger Karnevalsopen"]
[Site "Solingen"]
[Date "2011.03.06"]
[Round "5.28"]
[White "Herzum, Peter"]
[Black "Vovchik, Vladimir"]
[Result "1-0"]
[WhiteElo "1327"]
[BlackElo "1769"]
[PlyCount "103"]
[EventDate "2011.??.??"]

1. e4 e5 2. Nf3 Nc6 3. Bb5 a6 4. Ba4 Nf6 5. d4 exd4 6. O-O Be7 7. e5 Ne4 8. Re1
Nc5 9. Bb3 Nxb3 10. axb3 O-O 11. Nxd4 Nxd4 12. Qxd4 b6 13. Nc3 Bc5 14. Qe4 c6
15. Na4 Be7 16. Be3 Rb8 17. Rad1 a5 18. Qd4 c5 19. Qd3 Qc7 20. Bf4 Ra8 21. Qg3
Qc6 22. Nc3 Bb7 23. Nd5 Bd8 24. Bg5 Bxg5 25. Qxg5 Kh8 26. Ne7 h6 27. Nxc6 hxg5
28. Ne7 Rad8 29. Rd6 Rfe8 30. Rxb6 Bc6 31. Nxc6 dxc6 32. Rxc6 Rxe5 33. Kf1 Red5
34. f3 g6 35. Rc7 Kg7 36. Ree7 Rf5 37. Ke2 Rdd5 38. Rcd7 Kf8 39. Rxd5 Kxe7 40.
Rxf5 gxf5 41. Kd3 Kd6 42. Kc4 Kc6 43. c3 f4 44. b4 axb4 45. cxb4 cxb4 46. Kxb4
Kd5 47. Kc3 f6 48. b4 f5 49. b5 Kc5 50. b6 Kxb6 51. Kd4 g4 52. Ke5 1-0

[Event "2. Solinger Karnevalsopen"]
[Site "Solingen"]
[Date "2011.03.06"]
[Round "5.29"]
[White "Reinacher, Detlev"]
[Black "Reksten, Anne"]
[Result "0-1"]
[WhiteElo "1697"]
[BlackElo "1358"]
[PlyCount "88"]
[EventDate "2011.??.??"]

1. Nf3 d5 2. g3 e6 3. Bg2 c5 4. d3 Nf6 5. Nbd2 Nc6 6. c3 b5 7. b3 a5 8. Bb2 Rb8
9. Qc2 b4 10. c4 d4 11. O-O Bb7 12. h3 Be7 13. e3 e5 14. Rfe1 O-O 15. exd4 exd4
16. Re2 Re8 17. Rae1 Qd7 18. Ng5 h6 19. Nge4 Nh7 20. g4 Kf8 21. f4 f5 22. gxf5
Qxf5 23. Ng3 Qg6 24. Nde4 Nf6 25. f5 Qf7 26. Nxf6 Qxf6 27. Ne4 Qh4 28. Rf1 Nd8
29. Ref2 Bxe4 30. dxe4 Bg5 31. Bc1 Bxc1 32. Qxc1 Rb6 33. Rf4 Qf6 34. Rg4 Rd6
35. Qe1 Nf7 36. Rg6 Qe5 37. Qh4 Red8 38. f6 gxf6 39. Rgxf6 Rxf6 40. Rxf6 Qg5
41. Qxg5 hxg5 42. e5 Kg7 43. Rc6 d3 44. e6 d2 0-1

[Event "2. Solinger Karnevalsopen"]
[Site "Solingen"]
[Date "2011.03.06"]
[Round "5.30"]
[White "Moeller, Jeremy"]
[Black "Stahnecker, Thomas"]
[Result "1/2-1/2"]
[WhiteElo "1850"]
[BlackElo "1527"]
[PlyCount "65"]
[EventDate "2011.??.??"]

1. e4 c5 2. Nc3 e6 3. Nf3 Nc6 4. e5 Qc7 5. Nb5 Qb8 6. d4 a6 7. Na3 cxd4 8. Bd3
Nxe5 9. O-O Nxd3 10. Qxd3 d5 11. Nxd4 Bd6 12. f4 Ne7 13. c4 O-O 14. Rf3 Qc7 15.
cxd5 Nxd5 16. Nc4 Bxf4 17. Bxf4 Nxf4 18. Qe4 Ng6 19. Ne3 Bd7 20. Raf1 Rac8 21.
Rh3 Qb6 22. Qg4 e5 23. Ndf5 Bxf5 24. Qxf5 h6 25. Kh1 Rc6 26. Ng4 Nf4 27. Nxe5
Nxh3 28. Nd7 Qc7 29. Nxf8 Kxf8 30. Qxh3 Rc1 31. Qf3 Rxf1+ 32. Qxf1 Qc2 33. Qa1
1/2-1/2

[Event "2. Solinger Karnevalsopen"]
[Site "Solingen"]
[Date "2011.03.06"]
[Round "5.31"]
[White "Junker, Stefan"]
[Black "Schlepuetz, Volker"]
[Result "1-0"]
[WhiteElo "1831"]
[BlackElo "1395"]
[PlyCount "145"]
[EventDate "2011.??.??"]

1. Nf3 Nf6 2. g3 d6 3. d4 b6 4. Bg2 Bb7 5. O-O e6 6. c4 Be7 7. Nc3 O-O 8. Qc2
c5 9. dxc5 bxc5 10. Rd1 d5 11. e3 Nc6 12. b3 a6 13. Ba3 Nb4 14. Qe2 Qc7 15.
Rac1 Rad8 16. cxd5 exd5 17. Bxb4 cxb4 18. Nxd5 Qd6 19. Nxf6+ Qxf6 20. Nd4 Bxg2
21. Kxg2 Rc8 22. Rc4 Rfe8 23. Rdc1 Rxc4 24. Qxc4 g6 25. Nc6 Qd6 26. Qxa6 Qd5+
27. Kg1 Qd2 28. Nxe7+ Rxe7 29. Qc8+ Kg7 30. Qc5 Re4 31. Qc2 Qd5 32. Rd1 Qe5 33.
Qd3 Qe7 34. Qd5 Re5 35. Qd4 Kh6 36. Rc1 Re4 37. Qc5 Qb7 38. Qc6 Qe7 39. Rc4 Re6
40. Qc5 Qxc5 41. Rxc5 Ra6 42. Rc4 Rxa2 43. Rxb4 Rb2 44. Kg2 g5 45. g4 Kg6 46.
h3 Kf6 47. Kg3 Rb1 48. Rb5 h6 49. b4 Rg1+ 50. Kh2 Rf1 51. Kg2 Rb1 52. Rb6+ Ke5
53. h4 f6 54. hxg5 hxg5 55. Kf3 Rb3 56. Rb5+ Ke6 57. Ke4 Rb2 58. f3 Rc2 59. Rc5
Rb2 60. Rb5 Rc2 61. Rb6+ Kd7 62. Kd3 Rb2 63. Kc3 Re2 64. Rxf6 Rxe3+ 65. Kd4 Rb3
66. Kc4 Re3 67. b5 Re5 68. b6 Re1 69. Kd3 Rd1+ 70. Ke4 Rb1 71. Kf5 Rb5+ 72. Kg6
Ke7 73. b7 1-0

[Event "2. Solinger Karnevalsopen"]
[Site "Solingen"]
[Date "2011.03.06"]
[Round "5.32"]
[White "Rist, Kurt"]
[Black "Thumm, Felix"]
[Result "0-1"]
[WhiteElo "1670"]
[BlackElo "1770"]
[PlyCount "128"]
[EventDate "2011.??.??"]

1. e4 e6 2. d4 d5 3. e5 c5 4. c3 Qb6 5. Nf3 Nc6 6. Bd3 Bd7 7. Bc2 cxd4 8. cxd4
Bb4+ 9. Bd2 Nxd4 10. Nxd4 Qxd4 11. Bxb4 Qxb4+ 12. Nd2 Qxb2 13. f4 Bc6 14. O-O
Ne7 15. Rf2 Qd4 16. Qe1 g6 17. Nb3 Qb6 18. Rd1 Rg8 19. Nd4 Rc8 20. g4 h5 21. h3
hxg4 22. hxg4 Rh8 23. Rh2 Rxh2 24. Kxh2 Qb2 25. Rd2 Qc3 26. Qe2 Kd7 27. Rd3 Qb2
28. Rd2 Rh8+ 29. Kg3 Qa3+ 30. Nf3 Qa5 31. a4 Qb6 32. Rd4 Qa5 33. Ng5 Ke8 34.
Qe3 Qb6 35. Qc3 a5 36. Nf3 Rh1 37. Bd3 Rh8 38. Nd2 Bxa4 39. Nf3 Bc6 40. Qa3 Qc7
41. Qc5 b6 42. Qc2 Qb7 43. Qb2 b5 44. Qa3 Bd7 45. Be2 b4 46. Qb2 Nc6 47. Rd1 a4
48. f5 gxf5 49. gxf5 Rg8+ 50. Kf4 a3 51. Qa1 exf5 52. Rxd5 Rg4+ 53. Ke3 a2 54.
e6 Re4+ 55. Kd2 Rxe6 56. Bb5 b3 57. Ne5 Nxe5 58. Bxd7+ Nxd7 59. Qh8+ Nf8 60.
Qd4 Qc7 61. Qa4+ Qc6 62. Qxb3 Nd7 63. Qxa2 Rd6 64. Rd3 Qg2+ 0-1

[Event "2. Solinger Karnevalsopen"]
[Site "Solingen"]
[Date "2011.03.06"]
[Round "5.33"]
[White "Falge, Rainer"]
[Black "Sloka, Andreas"]
[Result "0-1"]
[WhiteElo "1536"]
[BlackElo "1755"]
[PlyCount "62"]
[EventDate "2011.??.??"]

1. e4 c5 2. Bc4 e6 3. Nc3 a6 4. a3 b5 5. Ba2 Bb7 6. d3 Nf6 7. f4 d6 8. Nf3 Nc6
9. O-O Be7 10. Qe1 O-O 11. f5 exf5 12. exf5 Re8 13. Ng5 d5 14. Nxf7 Kxf7 15.
Qe6+ Kf8 16. Bxd5 Nxd5 17. Qxd5 Qxd5 18. Nxd5 Bd6 19. f6 Re2 20. Bf4 Bxf4 21.
Nxf4 Rxc2 22. Ne6+ Kf7 23. fxg7+ Kxe6 24. Rf8 Ne7 25. Re1+ Kd6 26. g3 Ng8 27.
Re4 Rd2 28. Rh4 Ke7 29. Re4+ Bxe4 30. dxe4 Rxf8 31. gxf8=Q+ Kxf8 0-1

[Event "2. Solinger Karnevalsopen"]
[Site "Solingen"]
[Date "2011.03.06"]
[Round "5.34"]
[White "Nguyen, Philipp"]
[Black "Krenz, Tomas"]
[Result "1/2-1/2"]
[WhiteElo "947"]
[BlackElo "1715"]
[PlyCount "69"]
[EventDate "2011.??.??"]

1. e4 d6 2. d4 Nf6 3. Nc3 g6 4. Nf3 Bg7 5. Bd3 O-O 6. O-O Nbd7 7. Bd2 c5 8. d5
a6 9. a4 e5 10. Nh4 Ne8 11. Nf3 f5 12. Qc1 f4 13. Ne2 g5 14. h3 h5 15. Nh2 Ndf6
16. f3 a5 17. c3 Bd7 18. Bc2 Qc8 19. b4 b6 20. bxc5 bxc5 21. c4 g4 22. hxg4
hxg4 23. fxg4 Nxg4 24. Nf3 Nef6 25. Nc3 Nh5 26. Re1 Ng3 27. Nb5 Qe8 28. Nh2
Nxh2 29. Kxh2 Qh5+ 30. Kg1 Ne2+ 31. Rxe2 Qxe2 32. Bd1 Qxe4 33. Bc2 Qe2 34. Bd1
Qe4 35. Bc2 1/2-1/2

[Event "2. Solinger Karnevalsopen"]
[Site "Solingen"]
[Date "2011.03.06"]
[Round "5.35"]
[White "Gordeeva, Vitalia"]
[Black "Eick, Holger"]
[Result "1/2-1/2"]
[WhiteElo "1691"]
[BlackElo "1058"]
[PlyCount "99"]
[EventDate "2011.??.??"]

1. d4 d5 2. Nf3 g6 3. e3 Bg7 4. Be2 Nc6 5. O-O e5 6. dxe5 Nxe5 7. Nc3 Ne7 8.
Qd2 O-O 9. Rd1 Bg4 10. Nxe5 Bxe2 11. Nxf7 Rxf7 12. Nxe2 Rf8 13. Nf4 Rf5 14. e4
Re5 15. exd5 Bh6 16. Qc3 Bxf4 17. Bxf4 Rxd5 18. Rxd5 Nxd5 19. Qc4 c6 20. Rd1
Qf6 21. Bc1 Re8 22. c3 Qe6 23. h3 Qe2 24. Qxe2 Rxe2 25. Kf1 Re8 26. Re1 Rxe1+
27. Kxe1 Kf7 28. Ke2 Ke6 29. Bd2 Ne7 30. c4 b5 31. cxb5 cxb5 32. Kd3 Kd5 33.
Kc3 Nc6 34. Be3 a6 35. f3 Ke5 36. b3 Kd5 37. a4 Ke6 38. axb5 axb5 39. Bd4 Kd5
40. Be3 Ke6 41. Kd3 Kd5 42. Bb6 Ne7 43. g3 h5 44. g4 Ke5 45. Bc7+ Kd5 46. Ke3
Kc5 47. Ba5 Nc6 48. Bc3 b4 49. Bg7 Na5 50. gxh5 1/2-1/2

[Event "2. Solinger Karnevalsopen"]
[Site "Solingen"]
[Date "2011.03.06"]
[Round "5.36"]
[White "Wolf, Wieland"]
[Black "Brinkmann, Katharina"]
[Result "0-1"]
[WhiteElo "1400"]
[BlackElo "1438"]
[PlyCount "116"]
[EventDate "2011.??.??"]

1. e4 e6 2. d4 d5 3. exd5 exd5 4. Bf4 Bd6 5. Bg3 Ne7 6. Nf3 Bg4 7. Be2 O-O 8.
Ne5 Bxe2 9. Qxe2 Nf5 10. Qg4 Nxd4 11. Qxd4 Bxe5 12. Bxe5 Nc6 13. Qc3 Nxe5 14.
O-O Qd6 15. Re1 Rfe8 16. Na3 a6 17. Rad1 Rad8 18. Qd4 c5 19. Qf4 Re6 20. c4
Nxc4 21. Qxd6 Rdxd6 22. Rxe6 Rxe6 23. Nxc4 b5 24. Ne3 d4 25. Nc2 d3 26. Ne3 c4
27. Kf1 Kf8 28. Rd2 Ke8 29. Ke1 Kd7 30. Kd1 g6 31. a3 f5 32. a4 f4 33. Nd5 g5
34. axb5 axb5 35. Nc3 Kc6 36. f3 h6 37. Ne4 Kd5 38. Nc3+ Kc5 39. Ne4+ Kd4 40.
Kc1 Ke3 41. Nc3 Ra6 42. Nd1+ Kd4 43. Kb1 b4 44. g3 c3 45. bxc3+ bxc3 46. Nxc3
Kxc3 47. Rd1 d2 48. gxf4 gxf4 49. h4 Ra1+ 50. Kxa1 Kc2 51. Rg1 d1=Q+ 52. Rxd1
Kxd1 53. Kb1 Ke2 54. Kc1 Kxf3 55. Kd2 Kf2 56. h5 f3 57. Kd3 Kf1 58. Ke3 Kg2 0-1